| 000 | 01377nam a22002657a 4500 | ||
|---|---|---|---|
| 003 | PE SENCICO BE | ||
| 005 | 20251020182708.0 | ||
| 008 | 241021b |||||||| |||| 00| 0 eng d | ||
| 040 |
_aPE SENCICO BE _cPE SENCICO BE |
||
| 041 | _aspa | ||
| 084 |
_a331.891 _bG18 |
||
| 100 | 1 |
_92634 _aGalán Gutierrez, Carlos Javier _eautor |
|
| 245 | 1 |
_aNóminas, seguridad social y contratación laboral 2013 / _cCarlos Javier Galán Gutierrez |
|
| 260 |
_aMadrid : _bFundación Confemetal ; _c[2013] |
||
| 300 |
_a243 p. : _bdiagrs., tabls. ; _c23 cm. |
||
| 505 | 0 | _aLa relación laboral -- El contrato de trabajo y sus modalidades -- Modificación, suspensión y extinción del contrato de trabajo -- El salario -- Como calcular y complementar una nómina -- Afiliación a la seguridad social -- Cotización a la seguridad social -- Contingencias protegidas y prestaciones -- La gestión y cotización telemática: el sistema red -- Cómo cumplimentar los impresos de cotización. | |
| 520 | 3 | _aLa presente obra ofrece un manual tanto para la formación práctica como para consulta sobre los aspectos más comunes de la gestión laboral en las empresas. | |
| 650 | 1 | 0 |
_92509 _aContratos de trabajo |
| 650 | 2 | 0 |
_92526 _aDerecho laboral |
| 650 | 2 | 0 |
_92635 _aSalarios |
| 650 | 2 | 0 |
_92636 _aSeguro social |
| 651 | 0 |
_91025 _aEspaña |
|
| 910 |
_ahfp _bhfp _chfp |
||
| 942 |
_2ddc _cLIB |
||
| 999 |
_c5003 _d5003 |
||